Introducción a las aplicaciones de las enzimas / (Record no. 143413)

MARC details
000 -LEADER
campo de control de longitud fija 00598nam a2200205 4500
001 - NÚMERO DE CONTROL
campo de control 143413
003 - IDENTIFICADOR DE NÚMERO DE CONTROL
campo de control ES-MaACL
007 - CAMPO FIJO DE DESCRIPCIÓN FÍSICA--INFORMACIÓN GENERAL
campo de control de longitud fija t|
008 - DATOS DE LONGITUD FIJA--INFORMACIÓN GENERAL
campo de control de longitud fija 070214s1985 sp r ||||1| spa d
100 1# - ENTRADA PRINCIPAL--NOMBRE DE PERSONA
Nombre de persona Serrano Salom, Ramón.
9 (RLIN) 105798
245 10 - MENCIÓN DEL TÍTULO
Título Introducción a las aplicaciones de las enzimas /
Mención de responsabilidad, etc. Ramón Serrano Salom.
250 ## - MENCION DE EDICION
Mención de edición [1ª ed.].
260 ## - PUBLICACIÓN, DISTRIBUCIÓN, ETC.
Lugar de publicación, distribución, etc. Madrid :
Nombre del editor, distribuidor, etc. Alhambra,
Fecha de publicación, distribución, etc. 1985.
300 ## - DESCRIPCIÓN FÍSICA
Extensión VII, 127 p. ;
Dimensiones 19 cm.
490 1# - MENCIÓN DE SERIE
Mención de serie Zairos ;
Designación de volumen o secuencia 34
830 0# - PUNTO DE ACCESO ADICIONAL DE SERIE-TÍTULO UNIFORME
Título uniforme Zairos ;
Designación de volumen o secuencia 34
9 (RLIN) 181794
852 ## - LOCALIZACIÓN
Ubicación ES-MaACL
Número de control de estantería L-9562
Sublocalización o colección R.110917
852 ## - LOCALIZACIÓN
Ubicación ES-MaACL
Número de control de estantería L-9563
Sublocalización o colección R.111738
Holdings
Estatus retirado Estado de pérdida Estado de daño No para préstamo Biblioteca de origen Biblioteca actual Ubicación en estantería Fecha de adquisición Fuente de adquisición Total de préstamos Signatura topográfica completa Código de barras Visto por última vez Precio de reemplazo Tipo de ítem Koha
        Biblioteca del Ateneo de Madrid Biblioteca del Ateneo de Madrid Depósito 2 17/01/2008     L-9563 1149210 23/02/2023 23/02/2023 Libro impreso
        Biblioteca del Ateneo de Madrid Biblioteca del Ateneo de Madrid Depósito 2 17/01/2008     L-9562 1149209 23/02/2023 23/02/2023 Libro impreso